000 00749nam a2200205 i 4500
001 54249
003 ES-MaACL
005 20250721144331.0
007 t|
008 960716s1880 fr a |||| | fre d
100 1 _aFlammarion, Camille,
_d1842-1925
_951110
245 1 0 _aAstronomie populaire
_b: description générale du ciel /
_cCamille Flammarion.
260 _aParis :
_bC. Marpon et E. Flammarion,
_c1880 (
_fimp. Gauthier-Villars)
300 _a[8], 839 p. :
_bil. ;
_c29 cm.
530 _aDisponible en formato digital.
650 7 _aAstronomía
_2embne
_910386
852 _aES-MaACL
_jG-12252
856 _uhttps://gallica.bnf.fr/ark:/12148/bpt6k94887w?rk=21459;2
_zBibliothèque Nationale de France
999 _c54249
_d54249